[Event "CZE-chT2B 1819"]
[Site "Czech Republic"]
[Date "2018.12.16"]
[Round "5.7"]
[White "Pesek, Radomir"]
[Black "Pribylova, Sofie"]
[Result "0-1"]
[WhiteElo "1986"]
[BlackElo "1973"]
[PlyCount "80"]
[EventDate "2018.10.14"]
[EventType "team-tourn"]
[EventRounds "11"]
[EventCountry "CZE"]
[SourceTitle "EXT 2022"]
[Source "ChessBase"]
[SourceDate "2021.10.06"]
[SourceVersion "1"]
[SourceVersionDate "2021.10.06"]
[SourceQuality "1"]
[WhiteTeam "Most Chess"]
[BlackTeam "Praha Dopravni podnik II"]
[WhiteTeamCountry "CZE"]
[BlackTeamCountry "CZE"]

1. c4 Nf6 2. Nc3 d5 3. cxd5 Nxd5 4. Qb3 Nb6 5. g3 g6 6. Bg2 Bg7 7. Nf3 0-0 8. 0-0 Nc6 9. a3 e5 10. d3 Bg4 11. Qd1 Qd7 12. Be3 Bh3 13. Qd2 Bxg2 14. Kxg2 Nd4 15. Bxd4 exd4 16. Ne4 Rfe8 17. Nc5 Qd5 18. Rac1 Re7 19. Rc2 Rae8 20. Re1 Nc8 21. Qb4 b6 22. Qb3 Qf5 23. Ne4 c5 24. Qc4 Qd7 25. a4 a5 26. Qa2 h6 27. Ng1 Kh7 28. Nd2 f5 29. Nc4 Qd5+ 30. f3 Re6 31. b3 Ne7 32. h4 Qd8 33. f4 Nd5 34. Qa1 g5 35. fxg5 hxg5 36. Nf3 gxh4 37. Nxh4 Qg5 38. Nf3 Qg4 39. Rh1+ Kg8 40. Qe1 Nf4+ 0-1

[Event "CZE-chT2A 1718"]
[Site "Czech Republic"]
[Date "2018.02.11"]
[Round "8.6"]
[White "Schmid, Jaroslav"]
[Black "Pesek, Radomir"]
[Result "0-1"]
[WhiteElo "1986"]
[BlackElo "2006"]
[PlyCount "90"]
[EventDate "2017.10.15"]
[EventType "team-tourn"]
[EventRounds "11"]
[EventCountry "CZE"]
[SourceTitle "EXT 2022"]
[Source "ChessBase"]
[SourceDate "2021.10.06"]
[SourceVersion "1"]
[SourceVersionDate "2021.10.06"]
[SourceQuality "1"]
[WhiteTeam "Praha Smichov"]
[BlackTeam "Most Chess"]
[WhiteTeamCountry "CZE"]
[BlackTeamCountry "CZE"]

1. e4 c5 2. Nf3 d6 3. d4 cxd4 4. Nxd4 Nf6 5. Nc3 a6 6. Bg5 e6 7. f4 Be7 8. Qf3 Qc7 9. 0-0-0 Nc6 10. Nxc6 Qxc6 11. Qd3 0-0 12. Be2 Qb6 13. Kb1 Rd8 14. Bf3 Bd7 15. f5 Rac8 16. Be3 Qa5 17. g4 b5 18. Ne2 b4 19. Nd4 e5 20. Nb3 Qc7 21. Rhg1 Kh8 22. g5 Ne8 23. Rc1 Bb5 24. Qd2 a5 25. c3 bxc3 26. Rxc3 Qb7 27. Nxa5 Qa6 28. Nb3 Ra8 29. Nc1 d5 30. exd5 Bb4 31. a3 Bxc3 32. Qxc3 Nd6 33. f6 g6 34. Bg4 Nc4 35. Bc5 Rxd5 36. Be7 Rd2 37. Be2 Rxb2+ 38. Ka1 Rxe2 39. Nxe2 Nxa3 40. Bxa3 Bxe2 41. Rg3 e4 42. Qb4 Bd3 43. Kb2 Qa7 44. Qc3 Rb8+ 45. Bb4 Qa4 0-1

[Event "CZE-chT2A 1213"]
[Site "Czech Republic"]
[Date "2012.10.14"]
[Round "1.4"]
[White "Pesek, Radomir"]
[Black "Ksana, Vaclav"]
[Result "1-0"]
[WhiteElo "2043"]
[BlackElo "2127"]
[PlyCount "53"]
[EventDate "2012.10.14"]
[EventType "team-tourn"]
[EventRounds "11"]
[EventCountry "CZE"]
[SourceTitle "EXT 2015"]
[Source "ChessBase"]
[SourceDate "2014.11.20"]
[SourceVersion "1"]
[SourceVersionDate "2014.11.20"]
[SourceQuality "1"]
[WhiteTeam "Most Chess II"]
[BlackTeam "Most Chess"]
[WhiteTeamCountry "CZE"]
[BlackTeamCountry "CZE"]

1. d4 Nf6 2. c4 g6 3. Nc3 d5 4. cxd5 Nxd5 5. g3 Bg7 6. Bg2 Nxc3 7. bxc3 c5 8. e3 0-0 9. Ne2 Nc6 10. 0-0 Qa5 11. Qb3 Qa6 12. Nf4 e5 13. Nd5 Be6 14. dxc5 Rad8 15. Rd1 Na5 16. Qa3 Qe2 17. Qa4 Rxd5 18. Bxd5 Rd8 19. Bf3 Rxd1+ 20. Qxd1 Qxd1+ 21. Bxd1 Bf8 22. Be2 Bxc5 23. a4 Bf5 24. Ba3 Nb3 25. Ra2 Bb6 26. Bc4 Nc5 27. a5 1-0

[Event "CZE-chT2B 1112"]
[Site "Czech Republic"]
[Date "2012.02.19"]
[Round "8.6"]
[White "Friml, Antonin"]
[Black "Pesek, Radomir"]
[Result "1-0"]
[WhiteElo "2126"]
[BlackElo "2046"]
[PlyCount "85"]
[EventDate "2011.10.09"]
[EventType "team-tourn"]
[EventRounds "11"]
[EventCountry "CZE"]
[SourceTitle "EXT 2013"]
[Source "ChessBase"]
[SourceDate "2012.11.22"]
[SourceVersion "1"]
[SourceVersionDate "2012.11.22"]
[SourceQuality "1"]
[WhiteTeam "Teplice"]
[BlackTeam "Most Chess"]
[WhiteTeamCountry "CZE"]
[BlackTeamCountry "CZE"]

1. e4 c5 2. Nf3 d6 3. d4 cxd4 4. Nxd4 Nf6 5. Nc3 a6 6. Bg5 e6 7. Qd2 Be7 8. f4 Nbd7 9. 0-0-0 Qc7 10. g4 b5 11. a3 Bb7 12. Bxf6 Nxf6 13. Bd3 Rc8 14. g5 Nd7 15. Rhg1 Nb6 16. g6 hxg6 17. f5 e5 18. Nf3 Nc4 19. Bxc4 Qxc4 20. fxg6 f6 21. Qe3 d5 22. Nd2 Qc7 23. Qd3 d4 24. Nd5 Bxd5 25. exd5 b4 26. axb4 Bxb4 27. Rg2 Qa5 28. Kb1 Rc3 29. Qe4 Rc7 30. Nb3 Qb6 31. Rxd4 a5 32. d6 Rd7 33. Rc4 Qxd6 34. Rc8+ Rd8 35. Qc4 Rxc8 36. Qxc8+ Qd8 37. Qc4 Qd7 38. c3 Be7 39. Qf7+ Kd8 40. Qxg7 Rh3 41. Qg8+ Kc7 42. Qc4+ Kb6 43. g7 1-0

[Event "CZE-chT2B 1112"]
[Site "Czech Republic"]
[Date "2011.10.09"]
[Round "1.8"]
[White "Novotny, Roman"]
[Black "Pesek, Radomir"]
[Result "0-1"]
[WhiteElo "2030"]
[BlackElo "2046"]
[PlyCount "142"]
[EventDate "2011.10.09"]
[EventType "team-tourn"]
[EventRounds "11"]
[EventCountry "CZE"]
[SourceTitle "EXT 2013"]
[Source "ChessBase"]
[SourceDate "2012.11.22"]
[SourceVersion "1"]
[SourceVersionDate "2012.11.22"]
[SourceQuality "1"]
[WhiteTeam "Neratovice"]
[BlackTeam "Most Chess"]
[WhiteTeamCountry "CZE"]
[BlackTeamCountry "CZE"]

1. e4 c5 2. Nf3 d6 3. d4 cxd4 4. Nxd4 Nf6 5. Nc3 a6 6. Be3 g6 7. Qd2 Bg7 8. f3 b5 9. 0-0-0 Bb7 10. Bh6 0-0 11. h4 Nh5 12. Nce2 Nc6 13. Nxc6 Bxc6 14. g4 Bxh6 15. Qxh6 Ng7 16. h5 gxh5 17. Nf4 f6 18. gxh5 Rf7 19. Rg1 Bd7 20. e5 dxe5 21. Rxd7 Qxd7 22. Bh3 Qd4 23. Ne2 Qa7 24. Be6 Qxg1+ 25. Nxg1 Nxe6 26. Qe3 Nf4 27. h6 Rd8 28. Ne2 Nxe2+ 29. Qxe2 Rd4 30. c3 Rh4 31. Qd2 Rf8 32. Qg2+ Kf7 33. Qg7+ Ke8 34. Qxh7 Rf7 35. Qg8+ Rf8 36. Qg6+ Rf7 37. Qg8+ Rf8 38. Qg6+ Rf7 39. Qf5 Kd8 40. Qg6 Ke8 41. Kc2 e6 42. Qg8+ Ke7 43. Qc8 Rxh6 44. Qb7+ Kf8 45. Qxa6 f5 46. Qxb5 e4 47. Qb8+ Kg7 48. Qe5+ Rff6 49. f4 Rh2+ 50. Kb3 Rf2 51. a4 Rd2 52. a5 Rd5 53. Qc7+ Rf7 54. Qb6 Rdd7 55. a6 Rfe7 56. Qg1+ Kf7 57. Kc4 Ra7 58. Kb5 Ra8 59. b4 Rea7 60. c4 Rxa6 61. c5 Ra1 62. Qd4 Rb8+ 63. Kc6 Ra6+ 64. Kc7 Rba8 65. c6 Ra4 66. Qd7+ Kf6 67. Qd4+ Kf7 68. Qc5 e3 69. b5 e2 70. Qc3 Ra1 71. b6 e1Q 0-1

[Event "Zalakaros op 30th"]
[Site "Zalakaros"]
[Date "2011.05.28"]
[Round "9"]
[White "Pesek, Radomir"]
[Black "Rezsek, Gyozo"]
[Result "1/2-1/2"]
[WhiteElo "2067"]
[BlackElo "2004"]
[PlyCount "149"]
[EventDate "2011.05.20"]
[EventType "swiss"]
[EventRounds "9"]
[EventCountry "HUN"]
[SourceTitle "CBM 142 Extra"]
[Source "ChessBase"]
[SourceDate "2011.06.27"]
[SourceVersion "1"]
[SourceVersionDate "2011.06.27"]
[SourceQuality "1"]

1. d4 Nf6 2. Nf3 g6 3. c4 Bg7 4. Nc3 d5 5. cxd5 Nxd5 6. e4 Nxc3 7. bxc3 c5 8. Be3 0-0 9. Qd2 Qa5 10. Rb1 a6 11. Be2 Nc6 12. 0-0 cxd4 13. Nxd4 Nxd4 14. Bxd4 Bxd4 15. Qxd4 Qxa2 16. Bc4 Qa5 17. f4 e6 18. Qe3 Qc7 19. Ba2 b5 20. Kh1 Qe7 21. Qg3 Kh8 22. Rbe1 Bb7 23. Qh3 Rg8 24. g4 f5 25. Bb1 Rad8 26. Qe3 fxg4 27. Kg1 Rgf8 28. Ba2 Bc8 29. c4 b4 30. c5 Bb7 31. Rc1 Bc6 32. Rcd1 Bb5 33. Rfe1 Qf6 34. Rd6 Qxf4 35. Qxf4 Rxf4 36. Bxe6 Rdf8 37. c6 Rf1+ 38. Rxf1 Rxf1+ 39. Kg2 Rc1 40. Bd5 b3 41. Bxb3 Bxc6 42. Bd5 Bxd5 43. exd5 a5 44. Ra6 Rc5 45. d6 Rd5 46. Kg3 Rd4 47. Rxa5 Rxd6 48. Kxg4 Rd7 49. h4 h6 50. Ra4 Kg7 51. Rb4 Re7 52. Ra4 Kf6 53. Ra6+ Re6 54. Ra4 h5+ 55. Kf3 Re1 56. Ra6+ Kf5 57. Ra5+ Re5 58. Ra8 Rb5 59. Rf8+ Ke6 60. Re8+ Kf7 61. Ra8 Rb3+ 62. Kg2 Kf6 63. Ra6+ Kf5 64. Ra5+ Kf4 65. Ra4+ Ke5 66. Ra5+ Kf6 67. Ra6+ Kf5 68. Ra5+ Kg4 69. Ra4+ Kf5 70. Ra5+ Ke4 71. Ra4+ Kd5 72. Ra6 Rb4 73. Rxg6 Rxh4 74. Rg5+ Ke4 75. Kg3 1/2-1/2

[Event "Zalakaros op 30th"]
[Site "Zalakaros"]
[Date "2011.05.23"]
[Round "4"]
[White "Pesek, Radomir"]
[Black "Piroska, Istvan"]
[Result "0-1"]
[WhiteElo "2067"]
[BlackElo "2147"]
[PlyCount "56"]
[EventDate "2011.05.20"]
[EventType "swiss"]
[EventRounds "9"]
[EventCountry "HUN"]
[SourceTitle "CBM 142 Extra"]
[Source "ChessBase"]
[SourceDate "2011.06.27"]
[SourceVersion "1"]
[SourceVersionDate "2011.06.27"]
[SourceQuality "1"]

1. d4 d5 2. Nf3 e6 3. c4 Nf6 4. Bg5 Be7 5. e3 Nbd7 6. Nc3 0-0 7. Bd3 c6 8. 0-0 h6 9. Bh4 dxc4 10. Bxc4 b5 11. Bd3 Bb7 12. Rc1 b4 13. Ne4 Re8 14. Nfd2 Nxe4 15. Bxe7 Nxf2 16. Rxf2 Qxe7 17. Nb3 Rad8 18. Be4 Qh4 19. Qf3 Nf6 20. Bxc6 Bxc6 21. Rxc6 Ng4 22. g3 Qg5 23. Re2 e5 24. Rc5 Qg6 25. Rc6 e4 26. Rxg6 exf3 27. Rxg4 fxe2 28. Kf2 Rxe3 0-1

[Event "Zalakaros op 30th"]
[Site "Zalakaros"]
[Date "2011.05.22"]
[Round "3"]
[White "Kabai, Zsuzsanna"]
[Black "Pesek, Radomir"]
[Result "1/2-1/2"]
[WhiteElo "2128"]
[BlackElo "2067"]
[PlyCount "68"]
[EventDate "2011.05.20"]
[EventType "swiss"]
[EventRounds "9"]
[EventCountry "HUN"]
[SourceTitle "CBM 142 Extra"]
[Source "ChessBase"]
[SourceDate "2011.06.27"]
[SourceVersion "1"]
[SourceVersionDate "2011.06.27"]
[SourceQuality "1"]

1. d4 Nf6 2. c4 g6 3. Nc3 d5 4. cxd5 Nxd5 5. e4 Nxc3 6. bxc3 Bg7 7. Bc4 0-0 8. Ne2 c5 9. Be3 Nc6 10. 0-0 Na5 11. Bd3 cxd4 12. cxd4 e6 13. Qd2 Nc6 14. Bb5 Bd7 15. Rab1 a6 16. Bd3 b5 17. Bg5 Qb6 18. d5 Ne5 19. Be3 Qd6 20. Rfc1 Rfc8 21. f4 Nxd3 22. Qxd3 exd5 23. Qxd5 Qxd5 24. exd5 Bf5 25. Rxc8+ Rxc8 26. Rd1 Bg4 27. Rd2 Rd8 28. Kf2 Bf8 29. h3 Bc8 30. Bb6 Rd7 31. Nc3 f5 32. Nd1 Bb7 33. Ne3 Kf7 34. Rd3 Bd6 1/2-1/2